000 03072cam a2200601 a 4500
001 59888
005 20230410115533.0
008 060403s2005 ii a f b 001 0 eng
010 _a 2006295861
035 _a(OCoLC)ocm60668323
040 _aUKM
_cUKM
_dDLC
_dBWKUK
_dBAKER
_dJ2H
_dNLGGC
_dYDXCP
_dBTCTA
015 _aGBA559561
_2bnb
015 _aGBA551073
_2bnb
016 7 _a013251381
_2Uk
016 7 _a013221299
_2Uk
020 _a8185229988 (Tulika)
020 _a9788185229980 (Tulika)
020 _a1842776479 (Zed : pbk.)
020 _a9781842776476 (Zed : pbk.)
020 _a1842776460 (Zed : hbk.)
020 _a9781842776469 (Zed : hbk.)
029 1 _aNLGGC
_b290870380
029 1 _aYDXCP
_b100417763
029 1 _aYDXCP
_b100407306
029 1 _aNZ1
_b9669940
029 1 _aAU@
_b000040942914
029 1 _aAU@
_b000040174053
035 _a(OCoLC)60668323
042 _alccopycat
050 1 4 _aHD78
_b.O69 2005
082 0 4 _a338.9009
_222
084 _a83.01
_2bcl
245 0 4 _aThe origins of development economics :
_bhow schools of economic thought have addressed development /
_cedited by Jomo K.S. Jomo, Erik S. Reinert.
260 _aNew Delhi :
_bTulika Books ;
_aLondon ;
_aNew York :
_bZed ;
_aNew York :
_bDistributed in the USA exclusively by Palgrave,
_c2005.
300 _axxii, 165 p. :
_bill. ;
_c25 cm.
504 _aIncludes bibliographical references and index.
505 0 _aMercantilism and economic development : Schumpeterian dynamics, institution-building and international benchmarking / Erik S. Reinert, Sophus A. Reinert -- The Italian tradition of political economy : theories and policies of development in the semi-periphery of the Enlightenment / Sophus A. Reinert -- German economics as development economics : from the Thirty Years' War to World War II / Erik S. Reinert -- The capitalist transformation / Mushtaq Husain Khan -- The pioneers of development economics and modern growth theory / Jaime Ros -- International trade in early development economics / Amitava K. Dutt -- The rise and decline of Latin American structuralism / Alfredo Saad-Filho -- Development in the history of economics / Tamâas Szentes.
650 0 _aDevelopment economics
_xHistory.
650 1 7 _aOntwikkelingseconomie.
_2gtt
650 1 7 _aEconomische filosofie.
_2gtt
700 0 _aJomo K. S.
_q(Jomo Kwame Sundaram)
700 1 _aReinert, Erik S.,
_d1949-
856 4 2 _3Contributor biographical information
_uhttp://www.loc.gov/catdir/enhancements/fy0634/2006295861-b.html
856 4 2 _3Publisher description
_uhttp://www.loc.gov/catdir/enhancements/fy0634/2006295861-d.html
856 4 1 _3Table of contents only
_uhttp://www.loc.gov/catdir/enhancements/fy0634/2006295861-t.html
938 _aBaker and Taylor
_bBTCP
_n2006295861
938 _aYBP Library Services
_bYANK
_n100417763
938 _aBaker & Taylor
_bBKTY
_c31.00
_d31.00
_i1842776479
_n0006690957
_sactive
938 _aBaker & Taylor
_bBKTY
_c99.00
_d99.00
_i1842776460
_n0006444051
_sactive
942 _2lcc
_cbk
946 _aclperez
994 _aC0
_bDRFGD
999 _c43168
_d43168